Catálogo público

Ventajas económicas con el uso de la plantadora de piña modelo PP-001 / (Record no. 187864)

MARC details
000 -CABECERA
campo de control de longitud fija 03215nam a2200373 a 4500
003 - IDENTIFICADOR DEL NÚMERO DE CONTROL
campo de control CHAP
005 - FECHA Y HORA DE LA ÚLTIMA TRANSACCIÓN
campo de control 20250911181131.0
007 - CAMPO FIJO DE DESCRIPCIÓN FÍSICA--INFORMACIÓN GENERAL
campo de control de longitud fija ta
008 - DATOS DE LONGITUD FIJA--INFORMACIÓN GENERAL
campo de control de longitud fija 220117s1996xx mx abd frm000 0 1n0 spa d
010 ## - NÚMERO DE CONTROL DE LA BIBLIOTECA DEL CONGRESO
Número de control de LC 187864
040 ## - FUENTE DE LA CATALOGACIÓN
Centro catalogador/agencia de origen mxchpua
Centro/agencia transcriptor CHAP
Normas de descripción rda
041 0# - CÓDIGO DE LENGUA
Código de lengua del texto/banda sonora o título independiente spa
Código de lengua del sumario o resumen spa
090 ## - LOCALMENTE ASIGNADO TIPO-LC NÚMERO DE CLASIFICACIÓN (OCLC); NÚMERO DE CLASIFICACIÓN LOCAL (RLIN)
Número de clasificación (OCLC) (R) ; Numero de clasificación, CALL (RLIN) (NR) Tesis
Número cutter local (OCLC) ; Número de libro/Signatura topográfica íntegra, CALL (RLIN) M67
año 1996
100 1# - ENTRADA PRINCIPAL--NOMBRE DE PERSONA
Nombre de persona Moreno Cuevas, Joel Melchor
245 10 - MENCIÓN DE TÍTULO
Título Ventajas económicas con el uso de la plantadora de piña modelo PP-001 /
Mención de responsabilidad, etc. Joel Melchor Moreno Cuevas
264 ## - PRODUCCIÓN, PUBLICACIÓN, DISTRIBUCIÓN, FABRICACIÓN Y COPYRIGHT
Producción, publicación, distribución, fabricación y copyright Chapingo, México :
Nombre del de productor, editor, distribuidor, fabricante El autor,
Fecha de producción, publicación, distribución, fabricación o copyright 1996
300 ## - DESCRIPCIÓN FÍSICA
Extensión v, 159 hojas :
Otras características físicas ilustraciones, mapas, gráficas, tablas
336 ## - TIPO DE CONTENIDO
Fuente rdacontent
Término de tipo de contenido texto
Código de tipo de contenido txt
337 ## - TIPO DE MEDIO
Fuente rdamedia
Nombre/término del tipo de medio no mediado
Código del tipo de medio n
338 ## - TIPO DE SOPORTE
Fuente rdacarrier
Nombre/término del tipo de soporte volumen
Código del tipo de soporte nc
502 ## - NOTA DE TESIS
Nota de tesis Tesis
Tipo de título (Ingeniero Mecánico Agrícola) --
Nombre de la institución que otorga el título Departamento de Ingeniería Mecánica Agrícola,
Año de obtención del título 1996
504 ## - NOTA DE BIBLIOGRAFÍA, ETC.
Nota de bibliografía, etc. Bibliografía: hojas 124-125
520 3# - SUMARIO, ETC.
Sumario, etc. Como parte de un convenio entre la Universidad Autónoma Chapingo, en Méxic0, y el Instituto Superior de Ciencias Agrícolas, en Cuba, se Ilevó a cabo el diseño, construcción y evaluación de un prototipo de máquina plantadora de piña entre los años de 1993 y 1994. Habiéndose superado ya las evaluaciones técnicas pertinentes, se busca introducir la máquina plantadora de piña modelo PP-001 al campo mexicano, en su etapa inicial a la región productora de piña de la Cuenca del Bajo Papaloapan, y posteriormente a las demás regiones productoras del país. Para llevar a cabo dicho objetivo, fue necesario realizar de nuevo la evaluación económica de la máquina plantadora de piña, pues desde hace más de un año, nuestro país se ha visto inmerso en una de las más duras crisis económicas, lo cual ha hecho que exista un elevado incremento en el costo de los instrumentos e insumos para llevar a cabo la producción agrícola, no pasando lo mismo con los precios de venta del producto. También, se realiza un estudio de mercado con la intención de pronosticar si la nueva tecnología que se está promoviendo tendrá la aceptación esperada, pues recordemos que muchas veces el productor está acostumbrado a los métodos tradicionales y no acepta con facilidad un cambio de tecnología de producción. Para recopilar información se realizaron entrevistas directas con productores de los municipios de lsla, Rodríguez Clara, Azueta, Chacaltianguis y Loma Bonita, y con base en el análisis posterior de esa información se obtuvo como resultado que la máquina plantadora es rentable económicamente y es más eficiente al realizar la plantación de manera más rápida y económica, lo cual originará ahorros considerables para el productor. 
650 10 - PUNTO DE ACCESO ADICIONAL DE MATERIA--TÉRMINO DE MATERIA
Término de materia o nombre geográfico como elemento de entrada Piñas
Fuente del encabezamiento o término atg
Subdivisión general Sembradoras
650 13 - PUNTO DE ACCESO ADICIONAL DE MATERIA--TÉRMINO DE MATERIA
Término de materia o nombre geográfico como elemento de entrada Piñas
Fuente del encabezamiento o término atg
Subdivisión general Costos de producción
650 13 - PUNTO DE ACCESO ADICIONAL DE MATERIA--TÉRMINO DE MATERIA
Término de materia o nombre geográfico como elemento de entrada Maquinaria y equipamiento agrícola
Fuente del encabezamiento o término atg
Subdivisión general Sembradoras
-- Aspectos económicos
650 13 - PUNTO DE ACCESO ADICIONAL DE MATERIA--TÉRMINO DE MATERIA
Término de materia o nombre geográfico como elemento de entrada Pineapples
Fuente del encabezamiento o término atg
Subdivisión general Planters
650 10 - PUNTO DE ACCESO ADICIONAL DE MATERIA--TÉRMINO DE MATERIA
Término de materia o nombre geográfico como elemento de entrada Pineapples
Fuente del encabezamiento o término atg
Subdivisión general Production costs
650 13 - PUNTO DE ACCESO ADICIONAL DE MATERIA--TÉRMINO DE MATERIA
Término de materia o nombre geográfico como elemento de entrada Agricultural machinery and equipment
Fuente del encabezamiento o término atg
Subdivisión general Planters
-- Economical aspects
700 1# - PUNTO DE ACCESO ADICIONAL--NOMBRE DE PERSONA
Nombre de persona Vega Valdivia, Dixia Dania
Término indicativo de función/relación directora
700 1# - PUNTO DE ACCESO ADICIONAL--NOMBRE DE PERSONA
Nombre de persona Berenguer Pina, Vladimir
Término indicativo de función/relación asesor
901 ## - ELEMENTOS DE DATOS A LOCAL LDA (RLIN)
a TESIS M67 1996
942 ## - ELEMENTOS DE PUNTO DE ACCESO ADICIONAL (KOHA)
Tipo de ítem Koha TESIS
Fuente del sistema de clasificación o colocación Clasificación Universidad Autónoma Chapingo
Holdings
Estado de retiro Estado de pérdida Fuente del sistema de clasificación o colocación Estado dañado Restricciones de uso No para préstamo Código de colección Localización permanente Ubicación/localización actual Fecha de adquisición Fuente de adquisición Total de préstamos Signatura topográfica completa Código de barras Fecha visto por última vez Número de copia Precio válido a partir de Tipo de ítem Koha
    Clasificación Universidad Autónoma de Chapingo   Préstamo interno   Tesis Ingenieria Agroindustrial Ingenieria Agroindustrial 11/09/2025 El autor   Tesis M67 1996 1101015963 02/02/2026 Ej. 1 11/09/2025 Tesis